00467nam a22001577a 4500008004100000040005500041080001900096100002200115245004400137246002500181260004500206300001100251650001600262653001300278653001800291230615b |||||||| |||| 00| 0 eng d aNational Science LibrarycNational Science Library a82-32PREbP8.2 aPremchand, Munshi aमानसरोवर - खंड. 2 aMansarovar - Vol. 2  aNew Delhi: bRajkamal Paperbacks, c2008 a271p.  aLiterature  aFiction  aShort Stories